British bands - Statistics

General Stats
  • This quiz has been taken 109 times
  • The average score is 22 of 52
Answer Stats
Hint Answer % Correct
Liam Gallagher, Noel Gallagher, Paul Arthurs,Paul McGuigan, Tony McCarroll Oasis
95%
John Lennon, Paul McCartney, George Harrison, Ringo Starr The Beatles
95%
Mick Jagger, Keith Richards, Ronnie Wood, Brian Jones Ian Stewart, Bill Wyman, Charlie Watts, Mick Taylor The Rolling Stones
88%
Brian May, Roger Taylor, Freddie Mercury, John Deacon Queen
85%
Tony Iommi, Bill Ward, Geezer Butler, Ozzy Osbourne Black Sabbath
84%
Chris Martin, Jonny Buckland,Guy Berryman, Will Champion, Phil Harvey Coldplay
84%
Damon Albarn, Graham Coxon, Alex James, Dave Rowntree Blur
78%
Peter Green, Jeremy Spencer, Bob Brunning, Mick FleetwoodJohn McVie, Christine McVie, Stevie Nicks, Lindsey Buckingham Fleetwood Mac
76%
Bono, The Edge, Adam Clayton, Larry Mullen Jr. U2
76%
Stewart Copeland, StingHenry Padovani, Andy Summers The Police
75%
Steven, Morrissey, Johnny MarrAndy Rourke, Mike Joyce The Smiths
73%
Nick Mason, David Gilmour, Syd Barrett Roger Waters, Richard Wright Pink Floyd
72%
Jimmy Page, Robert Plant, John Bonham, John Paul Jones Led Zeppelin
69%
Roger Daltrey, Pete Townshend, John Entwistle Doug Sandom, Keith Moon, Kenney Jones The Who
69%
Alex Turner, Jamie Cook,Nick O'Malley, Matthew Helders Arctic Monkeys
68%
Colin Greenwood, Ed O'Brien, Philip SelwayThom Yorke, Jonny Greenwood Radiohead
66%
Tony Banks, Mike Rutherford, Phil Collins, Peter Gabriel, Steve Hackett Genesis
64%
Mark Knopfler, David Knopfler, John Illsey,Pick Withers,Alan Clark, Hal Lindes, Terry Williams, Guy Fletcher, Jack Sonni Dire Straits
62%
Jack Bruce, Eric Clapton, Ginger Baker Cream
61%
Steve Jones, Paul Cook, Glen MatlockJohnny Rotten, Sid Vicious Sex Pistols
61%
Joe Strummer, Mick Jones, Paul Simonon, Topper HeadonTerry Chimes, Keith Levene, Rob Harper Pete Howard, Nick Sheppard The Clash
60%
Robert Smith, Simon Gallup, Roger O'DonnellPerry Bamonte, Jason Cooper, Reeves Gabrels The Cure
54%
Steve Harris, Dave Murray, Adrian Smith, Bruce Dickinson, Nicko McBrain, Janick Gers Iron Maiden
47%
Ray Davies, Dave Davies, Mick Avory, Pete Quaife The Kinks
47%
Ian Brown, John Squire, Gary Mounfield, Alan Wren The Stone Roses
46%
Ian Curtis, Bernard Sumner, Peter Hook, Stephen Morris Joy Division
45%
Ritchie Blackmore, Rod Evans, Jon Lord, Nick Simper, Ian Gillan, Roger Glover Deep Purple
39%
Bernard Sumner, Stephen Morris, Gillian GilbertPhil Cunningham, Tom Chapman, Peter Hook New Order
38%
Matt Bellamy, Dominic Howard, Chris Wolstenholme Muse
33%
2-D, Murdoc Niccals, Russel Hobbs, Noodle Gorillaz
29%
Jon Anderson, Chris Squire, Steve Howe, Trevor Rabin, Bill Bruford, Alan White, Tony Kaye, Rick Wakeman Yes
22%
Dave Gahan, Martin Gore, Andy Fletcher Vince Clarke, Alan Wilder Depeche Mode
21%
Kelly Jones, Richard Jones, Adam ZindaniJamie Morrison, Stuart Cable, Javier Weyler Stereophonics
20%
James Dean Bradfield, Sean Moore, Nicky Wire Manic Street Preachers
19%
Ritchie Blackmore, Candice Night, Jens JohanssonDavid Keith, Bob Nouveau Rainbow
19%
Gary Lightbody, Nathan Connolly, Johnny McDaid Snow Patrol
19%
Mike Skinner, Kevin Mark Trail, Wayne BennettMax O'Donnell, Cassell the Beatmaker The Streets
19%
Roger Hodgson, Rick Davies, Dougie Thomson, Bob Siebenberg, John Helliwell Supertramp
16%
Adam Hann, Matty Healy, Ross MacDonald, George Daniel The 1975
16%
Robert "3D" Del Naja, Grant "Daddy G" Marshall, Adrian "Tricky" Thaws, Andrew "Mushroom" Vowles Massive Attack
14%
Neil Halstead, Rachel Goswell, Nick ChaplinChristian Savill, Simon Scott Slowdive
8%
Romy Madley Croft, Oliver Sim, Jamie xx The xx
7%
Tom Smith, Russell Leetch, Ed LayJustin Lockey, Elliott Williams, Benjamin John Power Editors
6%
Adam Devonshire, Joe Talbot, Mark BowenLee Kiernan, Jon Beavis Idles
6%
Conor Mason, Joe Langridge-Brown, Dominic CraikPhilip Blake, James Price Nothing But Thieves
5%
Matthew Murphy, Tord Øverland Knudsen, Dan Haggis The Wombats
5%
Joe Newman, Thom Sonny Green, Gus Unger-Hamilton Alt-J
4%
Josh Lloyd-Watson, Tom McFarland, Lydia Kitto Jungle
4%
Hannah Reid, Dot Major, Dan Rothman London Grammar
4%
Matt Swan, Joe Dennis Royal Blood
4%
Tony Hicks, Bobby Elliott, Ray StilesIan Parker, Peter Howarth, Steve Lauri The hollies
2%
Andy Cairns, Michael McKeegan, Neil Cooper Therapy?
2%
No matching quizzes found
Score Distribution
Percent of People with Each Score
Percentile by Number Answered
Your Score History
You have not taken this quiz